Mariano Marcos State University

University Library System

Century of struggle : (Record no. 26917)

MARC details
000 -LEADER
fixed length control field 01190cam a2200337 i 4500
001 - CONTROL NUMBER
control field 4570808
003 - CONTROL NUMBER IDENTIFIER
control field OSt
005 - DATE AND TIME OF LATEST TRANSACTION
control field 20250926120012.0
008 - FIXED-LENGTH DATA ELEMENTS--GENERAL INFORMATION
fixed length control field 760106s1975 mauaf b 001 0 eng
010 ## - LIBRARY OF CONGRESS CONTROL NUMBER
LC control number 74034542
020 ## - INTERNATIONAL STANDARD BOOK NUMBER
International Standard Book Number 0674106512
020 ## - INTERNATIONAL STANDARD BOOK NUMBER
International Standard Book Number 9780674106512
035 ## - SYSTEM CONTROL NUMBER
System control number 4570808
040 ## - CATALOGING SOURCE
Original cataloging agency MMSU
Transcribing agency ULS
050 00 - LIBRARY OF CONGRESS CALL NUMBER
Classification number HQ 1410 F5 1975 AC
100 1# - MAIN ENTRY--PERSONAL NAME
Personal name Flexner, Eleanor,
Dates associated with a name 1908-1995.
245 10 - TITLE STATEMENT
Title Century of struggle :
Remainder of title the woman's rights movement in the United States /
Statement of responsibility, etc. Eleanor Flexner.
250 ## - EDITION STATEMENT
Edition statement Revised edition
260 ## - PUBLICATION, DISTRIBUTION, ETC.
Place of publication, distribution, etc. Cambridge, Mass. :
Name of publisher, distributor, etc. Belknap Press of Harvard University Press,
Date of publication, distribution, etc. 1975.
300 ## - PHYSICAL DESCRIPTION
Extent xiii, 405 pages, [6] leaves of plates :
Other physical details illustration ;
Dimensions 25 cm.
336 ## - CONTENT TYPE
Content type term text
Content type code txt
Source rdacontent
337 ## - MEDIA TYPE
Media type term unmediated
Media type code n
Source rdamedia
338 ## - CARRIER TYPE
Carrier type term volume
Carrier type code nc
Source rdacarrier
504 ## - BIBLIOGRAPHY, ETC. NOTE
Bibliography, etc. note Includes bibliographical references and index.
650 #0 - SUBJECT ADDED ENTRY--TOPICAL TERM
Topical term or geographic name entry element Women
Geographic subdivision United States
General subdivision History.
650 #0 - SUBJECT ADDED ENTRY--TOPICAL TERM
Topical term or geographic name entry element Women
General subdivision Suffrage
Geographic subdivision United States
General subdivision History.
650 #0 - SUBJECT ADDED ENTRY--TOPICAL TERM
Topical term or geographic name entry element Women's rights
Geographic subdivision United States
General subdivision History.
906 ## - LOCAL DATA ELEMENT F, LDF (RLIN)
a 7
b cbc
c orignew
d 2
e ocip
f 19
g y-gencatlg
942 ## - ADDED ENTRY ELEMENTS (KOHA)
Source of classification or shelving scheme
Koha item type Books
Holdings
Withdrawn status Lost status Source of classification or shelving scheme Damaged status Not for loan Home library Current library Shelving location Date acquired Total Checkouts Full call number Barcode Date last seen Price effective from Koha item type
          MMSU Main Library MMSU Main Library American Corner 08/26/2025   HQ 1410 F5 1975 AC 0171-AC 08/26/2025 08/26/2025 Books

© 2023 Mariano Marcos State University. All Rights Reserved.

Powered by Koha